Costa Rica contemporánea. Capítulo 3

Guardat en:
Dades bibliogràfiques
Autor principal: Zelaya Goodman, Chester
Format: Text
Publicat: San José: Editorial Costa Rica
Etiquetes: Afegir etiqueta
Sense etiquetes, Sigues el primer a etiquetar aquest registre!

MARC

LEADER 00000 a a2200000 04500
001 25939
003
040
090 |a 174403  
100 |a Zelaya Goodman, Chester  
245 |a Costa Rica contemporánea. Capítulo 3  
260 |a San José:   |b Editorial Costa Rica  
300 |a 313 p.  
999 |c 16036  |d 16036